| 000 | 00512nam a2200169Ia 4500 | ||
|---|---|---|---|
| 008 | 220216s9999 xx 000 0 und d | ||
| 100 | _aLopez Manchado M A | ||
| 245 | 0 | _aRheological behavior and processability of polypropylene blends with rubber ethylene propylene diene terpolymer | |
| 260 |
_bJournal of Applied Polymer Science _c2001 |
||
| 300 | _a10-Jan | ||
| 500 | _aSource Year: 2001 | ||
| 650 | _aRheology | ||
| 700 | _aBiagiotti J | ||
| 700 | _aKenny J M | ||
| 856 | _uRAPRA. 38(9) | ||
| 942 | _cJS | ||
| 999 |
_c67046 _d67046 |
||